000 00807nam a22002177a 4500
999 _c2758
_d2758
003 AR-CdUCM
008 190305b ||||| |||| 00| 0 spa d
040 _aMUNICIPALIDAD PROVINCIAL DEL CUSCO
_cBIBLIOTECA MUNICIPAL DEL CUSCO
082 _a335.4 /
_bS32
100 _aSebag, Lucien
_99619
245 _aMarxismo y estructuralísmo /
260 _aMadrid :
_bSiglo XX de España Editores,
_c1969.
300 _a 273 paginas ;
_c21 cm.
505 _aContenido :Premisas hegelianas -- Sobre el significado del marxismo -- Ideologías y pensamiento científico -- Verdad y ciencia ...
650 _aEstructuralismo y marxismo
_99620
650 _aLeninismo
_9845
650 _aPensamiento científico
_99621
700 _aRomero de Solis, Ignacio (traductor)
_99622
942 _2ddc
_cLIBROS
945 _arum